Ceramic joining /

Bibliographic Details
Main Author: Schwartz, Mel M.
Format: Book
Language:English
Published: Materials Park, Ohio : ASM International, [1990]
Subjects:

MARC

Tag First Indicator Second Indicator Subfields
LEADER 00000cam a2200000 a 4500
001 in00000972753
005 20150927111221.0
008 891201s1990 ohua b 00110 eng
010 |a  89077022  
020 |a 0871703734 
035 |a (OCoLC)20824411 
035 |9 AEW0787AM 
040 |a DLC  |c DLC  |d TXA  |d UtOrBLW 
049 |a TXAM 
050 0 0 |a TS718  |b .S32 1990 
082 0 0 |a 666  |2 20 
100 1 |a Schwartz, Mel M. 
245 1 0 |a Ceramic joining /  |c Mel M. Schwartz. 
264 1 |a Materials Park, Ohio :  |b ASM International,  |c [1990] 
264 4 |c ©1990 
300 |a xi, 196 pages :  |b illustrations ;  |c 26 cm. 
336 |a text  |b txt  |2 rdacontent 
337 |a unmediated  |b n  |2 rdamedia 
338 |a volume  |b nc  |2 rdacarrier 
504 |a Includes bibliographical references and index. 
650 0 |a Ceramic to metal bonding. 
650 0 |a Ceramics  |x Surfaces. 
650 0 |a Metals  |x Surfaces. 
999 |a MARS 
999 f f |s fa25a6e8-06a3-3a29-af82-585254dda24e  |i ded2530a-f1e1-3ee0-a841-8a84cd9ae96d  |t 0 
952 f f |p ric  |a Texas A&M University  |b Rellis Campus  |c Joint Library Facility  |d Remote Storage  |t 0  |e TS718 .S32 1990  |h Library of Congress classification  |i unmediated -- volume  |m A14814025140 
998 f f |a TS718 .S32 1990  |t 0  |l Remote Storage